| 000 | 00656nam a2200205 i 4500 | ||
|---|---|---|---|
| 001 | 88324 | ||
| 003 | ES-MaACL | ||
| 005 | 20250903024954.0 | ||
| 007 | t| | ||
| 008 | 050104s1942 fr ||||1| fre d | ||
| 100 | 1 |
_aLainé, E. _969686 |
|
| 245 | 1 | 0 |
_aPrécis d'analyse mathématique á l'usage des candidats au certificat de calcul différentiel et intégral / _cpar E. Lainé. |
| 250 | _a3eme ed. | ||
| 260 |
_aParís : _bVuibert, _c1942 ( _eCoulommiers : _fP. Brodard) |
||
| 300 |
_a302 p. ; _c25 cm. |
||
| 500 | _aEs el tomo I. | ||
| 650 | 0 | 7 |
_aAnálisis matemático _2embne _99772 |
| 852 |
_aES-MaACL _jE-3979 _bR.21228 |
||
| 999 |
_c88324 _d88324 |
||